02237pam a2200421 i 4500001001900000003000600019005001700025008004100042015001900083016001800102020003600120020004200156035002100198035002600219035001800245040003500263041002100298042001600319100004000335240002100375245013600396264003300532300005800565500003300623500006800656500002200724504004100746520070800787650004201495650002201537650002201559650002301581700004001604700004101644942000801685952010701693999001501800990209662320107026UkOxU20250619132140.0170503s2017 enka b 000|0|eng|d aGBB7B43722bnb7 a0184088492Uk a9781786330895 (hbk.) :cĐ12.99 z9781473539600 (ePub ebook) :cĐ12.99 a(UkOxU)020966232 a(UkOxU)020966232BIB01 a(Uk)018408849 aStDuBDSbengerdacStDuBDSdUk1 aEnglishhSpanish aukblcatcopy aGarcía, Héctor,d1981-eauthor.10aIkigai.lEnglish10aIkigai b: the Japanese secret to a long and happy life c/ Héctor García and Francesc Miralles ; translated by Heather Cleary. 1aLondon :bHutchinson,c2017. a194 pages :billustrations (black and white) ;c19 cm aTranslated from the Spanish. aThis translation originally published: New York: Penguin Books. aFormerly CIP.5Uk aIncludes bibliographical references. aWe all have an ikigai. It''s the Japanese word for ''a reason to live'' or ''a reason to jump out of bed in the morning''. It''s the place where your needs, desires, ambitions, and satisfaction meet. A place of balance. Small wonder that finding your ikigai is closely linked to living longer. Finding your ikigai is easier than you might think. This book will help you work out what your own ikigai really is, and equip you to change your life. You have a purpose in this world: your skills, your interests, your desires and your history have made you the perfect candidate for something. All you have to do is find it. Do that, and you can make every single day of your life joyful and meaningful. 0aSelf-actualization (Psychology)97023 0aHappinesszJapan. 0aLongevityzJapan. 0aWell-beingzJapan. aMiralles, Francesc,d1968-eauthor. aCleary, Heather,etranslator.925535 2lcc 00102lcc4070aTBSbTBSd2025-06-19l1oBJ1589 GARpB05794r2026-04-29s2026-04-14t1w2025-06-19y1 c4776d4776